Presidentes do Senado (1985-2018) - Statistics

Estatísticas Gerais
  • Esse quiz foi jogado 59 vezes
  • A pontuação média é 8 de 17
Estatísticas das Respostas
Legislatura Partido Resposta % Correto
2005-2007 PMDB Renan Calheiros
87%
2013-2017 PMDB Renan Calheiros
87%
2018-2020 DEM Davi Alcolumbre
76%
1995-1997 PMDB José Sarney
71%
2003-2005 PMDB José Sarney
71%
2009-2013 PMDB José Sarney
71%
1997-2001 PFL Antônio Carlos Magalhães
51%
2017-2018 PMDB Eunício Oliveira
44%
2001-2003 PMDB Ramez Tebet
33%
2001 PMDB Jader Barbalho
31%
2007-2009 PMDB Garibaldi Alves
29%
2007 PT Tião Viana
29%
2001 PFL Edison Lobão
24%
1987-1989 PMDB Humberto Lucena
20%
1993-1995 PMDB Humberto Lucena
20%
1991-1993 PMDB Mauro Benevides
20%
1989-1991 PMDB Nelson Carneiro
20%
Nenhum quiz correspondente encontrado
Distribuição das Pontuações
Porcentagem de Pessoas com Cada Pontuação
Percentil de Números Respondidos
Sua Pontuação Histórica
Você não jogou esse quiz